Préfectures et sous-préfectures d'Auvergne-Rhône-Alpes - Statistiques

Statistiques générales
  • Ce quiz a été pris 373 fois
  • Le résultat moyen est 26 sur 39
Statistiques - réponses
Réponse % Correct
Annecy
98%
Grenoble
98%
Clermont-Ferrand
97%
Lyon
97%
Chambéry
96%
Saint-Étienne
96%
Bourg-en-Bresse
95%
Moulins
95%
Privas
95%
Aurillac
94%
Valence
92%
Le Puy-en-Velay
91%
Montluçon
81%
Vichy
78%
Roanne
70%
Villefranche-sur-Saône
70%
Thonon-les-Bains
69%
Albertville
65%
Nantua
61%
Riom
61%
Vienne
61%
Gex
60%
Issoire
59%
Thiers
57%
Saint-Flour
54%
Die
50%
Montbrison
50%
Belley
49%
La-Tour-du-Pin
49%
Mauriac
47%
Saint-Jean-de-Maurienne
47%
Yssingeaux
46%
Bonneville
45%
Tournon-sur-Rhône
45%
Saint-Julien-en-Genevois
43%
Ambert
42%
Brioude
40%
Nyons
39%
Largentière
33%
Aucun quiz correspondant
Distribution des résultats
% des personnes avec chaque résultat
Percentile par nombre de réponses
Votre historique - résultats
Vous n’avez pas pris ce quiz